Élimination par catégorie - Clubs de football. - Statistiques

Statistiques générales
  • Ce quiz a été pris 70 432 fois
    66 011 depuis la dernière actualisation
  • Le résultat moyen est 17 sur 20
Statistiques - réponses
Groupe # Catégorie % Correct
Vert 20 Club de Premier League …
99%
Vert 15 Créé au 19e siècle …
97%
Vert 5 N'étant pas descendu depuis plus de 20 ans …
96%
Jaune 22 Club ayant remporté la Ligue des Champions …
93%
Vert 2 Ayant remporté la Ligue des Champions …
92%
Jaune 14 Faisant partie d'un des 5 championnats majeurs européens…
92%
Jaune 8 Ayant remporté au moins 15 fois son championnat national…
92%
Vert 1 Ayant compté Cristiano Ronaldo dans son équipe. Manchester United
91%
Jaune 3 N'étant ni espagnol, ni italien …
89%
Bleu 20 Club de Ligue1 …
89%
Bleu 8 Ayant gagné plus de 5 fois le championnat …
89%
Bleu 5 Étant allé en finale de Ligue des Champions …
89%
Rose 20 Club de Serie A …
85%
Rose 13 Ayant déjà remporté ce championnat …
85%
Rose 8 Dont la ville a un autre club dans ce championnat …
84%
Rose 3 Ayant remporté la Ligue des Champions
84%
Rose 1 Ayant le rouge dans ses couleurs. AC Milan
80%
Bleu 2 Étant remonté il y a moins de 20 ans …
75%
Jaune 1 Ayant le nom de sa region dans son nom. Bayern Munich
75%
Bleu 1 N'étant pas situé en France. AS Monaco
73%
Aucun quiz correspondant
Distribution des résultats
% des personnes avec chaque résultat
Percentile par nombre de réponses
Votre historique - résultats
Vous n’avez pas pris ce quiz depuis la dernière actualisation